North American Capitals by Map - Statistics

General Stats
  • This quiz has been taken 8,947 times
  • The average score is 16 of 23
Answers on the Map
Answers color-coded by a green-red scale on the quiz's map according to % correct below.
 
Answer Stats
Answer % Correct
Washington D.C.
99%
Mexico City
98%
Ottawa
97%
Havana
90%
Panama City
90%
Guatemala City
85%
Kingston
82%
Kingstown
82%
San Salvador
81%
Port-Au-Prince
76%
Nassau
73%
San Jose
73%
Santo Domingo
70%
Port of Spain
64%
Managua
62%
Belmopan
61%
Tegucigalpa
59%
St. John's
54%
St. George's
53%
Bridgetown
51%
Basseterre
46%
Roseau
46%
Castries
44%
No matching quizzes found
Score Distribution
Percent of People with Each Score
Percentile by Number Answered
Your Score History
You have not taken this quiz